Mathematics for the physical sciences.
Guardado en:
| Autor Principal: | |
|---|---|
| Formato: | Libro |
| Idioma: | English French |
| Publicado: |
Paris : Reading, Mass. :
Hermann ; Addison-Wesley Pub. Co.,
[1966]
|
| Edición: | [Rev. ed.]. |
| Series: | Collection Enseignement des sciences Hermann
Adiwes international series in mathematics. |
| Materias: | |
| Etiquetas: |
Agregar Etiqueta
Sin Etiquetas, Sea el primero en etiquetar este registro!
|
| LEADER | 00933cam a22002531a 4500 | ||
|---|---|---|---|
| 001 | MAT.inmabb005575 | ||
| 008 | 731212s1966####fr#a##########000#0#eng## | ||
| 005 | 20170823154443.0 | ||
| 245 | 1 | 0 | |a Mathematics for the physical sciences. |
| 250 | |a [Rev. ed.]. | ||
| 260 | |a Paris : |b Hermann ; |a Reading, Mass. : |b Addison-Wesley Pub. Co., |c [1966] | ||
| 300 | |a 357 p. : |b il. ; |c 24 cm. | ||
| 490 | 0 | |a Collection Enseignement des sciences Hermann | |
| 490 | 0 | |a Adiwes international series in mathematics. | |
| 500 | |a Rev. translation of Méthodes mathématiques pour les sciences physiques, published in 1961. | ||
| 510 | 4 | |a MR, |c 34 #7309 | |
| 100 | 1 | |a Schwartz, Laurent. | |
| 240 | 1 | 0 | |a Méthodes mathématiques pour les sciences physiques. |l Inglés |
| 650 | 0 | |a Mathematical physics. | |
| 084 | |a 00.00 (69.00) |2 MR | ||
| 010 | |a 66019308 | ||
| 040 | |a DLC |c DLC |d DLC | ||
| 041 | 1 | |a eng |h fre | |
| 859 | |h 00A69 |i Sc399-2 |p A-2751 |b BIB. MATEMATICA | ||
